| 000 | 01112 a2200241 4500 | ||
|---|---|---|---|
| 005 | 20080917125616.0 | ||
| 008 | 080917t xxu||||| |||| 00| 0 hin d | ||
| 010 | _aHIN-81724 | ||
| 020 |
_a8188216372 _c100.00 |
||
| 035 | _aHN-54070 | ||
| 037 | _bपु.प्र.अ.प्र/प्रका | ||
| 082 | _a821 | ||
| 100 | _aश्याम गोविन्द | ||
| 245 |
_aजिया मैं कहाँ/ _cश्याम गोविन्द |
||
| 246 |
_aJiya mai kahan _bby Shyam Govind |
||
| 260 |
_aइलाहाबाद _bराका प्रकाशन _c2005 |
||
| 270 |
_a40ए, मोतीलाल नेहरू रोड _bइलाहाबाद _e2 _k2466791 |
||
| 300 |
_a104पृ _c22 सेमी (सजिल्द) |
||
| 650 | _aहिन्दी कविताएँ | ||
| 650 | _aHindi Poems | ||
| 942 |
_adpl _cHN _k821 / श्यामगो _2ddc _h821 _mश्यामगो |
||
| 999 |
_c8846 _d8846 |
||